000
00261 a2200097 4500
001
7750
100
_a
Dwight, H.B
245
_a
Mathematical tables of elementary and some higher mathematical functions
260
_a
_b
Dover publications
_c
090
_c
6207
_d
6207
942
_a
NUST-CAE
_c
M
_c
32720
999
_c
242823
_d
242823